000 01021nam a2200277Ia 4500
001 Para_10351
003 CHAP
008 220125sNovi xx 000 0 und d
010 _a209027
040 _cCHAP
090 _aPA CD - TESIS 380
100 _aBaliño Jiménez, Viviana
_9128843
245 _aFipronil para el control de Anthoromus eugenii Cano (Coleptera :
_b Curculionidae) en cultivo de chile en Tetela de Ocampo, Puebla /
_c Viviana Baliño Jiménez; Director Juan Fernando Solís Aguilar
260 _aChapingo, Méx. :
_b el autor
300 _a1 CDS ROM ( s/n p.)
502 _aTesis (Ing. Agr. Esp. en Parasitología Agrícola). UACh. Departamento Parasitología Agrícola
700 _aSolís Aguilar, Juan Fernando. Director
_9171333
710 _aUACh Departamento Parasitología Agrícola
901 _aPA CD - TESIS 380
902 _aM
905 _a513220Noviembre, 2014 amn 8100000000 06
910 _aNovi
942 _cPARA
942 _cPARA
_d2
999 _c209027
_d209027